000 00659nam a22002177a 4500
003 UA-OsUOA
001 122128
007 ta
008 20170410b un ||||| |||| 00| 0 ukr d
100 _aНиконенко Д.Д.
090 _a902
_bН64
942 _cSA
040 _aUA-OsUOA
_bukr
_cUA-OsUOA
_dUA-OsUOA
245 _aСіроглиняна кераміка Нижнього Подніпров'я І ст. до н.е. - ІІ ст. н.е.
300 _aС.24-34
955 _a0
041 _aukr
080 _a902
773 0 _w122125
_tАрхеологія
_dК.
_d2017
_g1
650 7 _a9 Географія. Біографії. Історія
_2UDC
999 _c408196
_d408196